Score 0/31 Timer 05:00
2 Plays Today
% Correct
Baja California Sur
83.6%
Baja California
83.1%
Chihuahua
77.6%
Yucatán
74.2%
Sonora
72.2%
Quintana Roo
65.5%
Veracruz
65.1%
Durango
63.6%
Coahuila
62.5%
Sinaloa
61.9%
Oaxaca
61.8%
México
61.5%
Nuevo León
60.1%
Chiapas
59.1%
Tamaulipas
58.7%
Tabasco
56.1%
% Correct
San Luis Potosí
55.8%
Campeche
55%
Nayarit
54%
Jalisco
53.8%
Zacatecas
53.2%
Guerrero
52.1%
Aguascalientes
51.4%
Puebla
51.2%
Colima
50%
Michoacán
49.4%
Guanajuato
47.5%
Hidalgo
44.2%
Tlaxcala
44.1%
Morelos
42.6%
Querétaro
42%
Remove Ads.
Support Sporcle.
Get the best of Sporcle when you Go Orange. This ad-free experience offers more features, more stats, and more fun while also helping to support Sporcle. Thank you for becoming a member.

You're not logged in!

Compare scores with friends on all Sporcle quizzes.
OR
Log In

Show Comments

Extras

Top Quizzes Today


Score Distribution

Your Account Isn't Verified!

In order to create a playlist on Sporcle, you need to verify the email address you used during registration. Go to your Sporcle Settings to finish the process.

Report this User

Report this user for behavior that violates our Community Guidelines.

Details: